00545nam a2200193 i 450000100060000000300090000600500170001500700030003200800410003501600170007602000180009304000200011108000150013110000230014624500940016926000330026330000200029685200350031610882ES-MaACL20230906145958.0t|921021s1989 sp ||||0| spa d7 zCEN920091087 a84-87417-00-3 aCEN bspa cCEN a860-14"19"1 aQuintana, Antonio.10aY convertido en lluvia de oro osó posarse en los ojos de los gatos /cAntonio Quintana. aMadrid : bLa Palma, c1989. a45 p ; c21 cm. aES-MaACLj2149-F-14 bR.121953